| 000 | 00696nam a2200265 a 4500 | ||
|---|---|---|---|
| 003 | AR-BaBNM | ||
| 005 | 20251128202816.0 | ||
| 008 | 082120s2002 ||||||||||||||000 | spa|| | ||
| 040 | _cAR-BaBNM | ||
| 100 | 1 | _aLynch, Ventura R. | |
| 245 | 0 | 0 | _aFolklore bonaerense |
| 260 |
_aBuenos Aires _bLajouane _c1953 |
||
| 300 | _a92 p. | ||
| 490 | 0 | _aLajouane de folklore argentino | |
| 500 | _aContiene noticia preliminar por Augusto Raúl Cortazar | ||
| 650 | 4 | _aCUENTOS FOLKLORICOS | |
| 650 | 4 | _aCOSTUMBRES Y TRADICIONES | |
| 650 | 4 | _aMUSICA FOLKLORICA | |
| 650 | 4 | _aDANZAS FOLKLORICAS | |
| 650 | 4 | _aLEYENDAS | |
| 651 | 4 | _aArgentina | |
| 653 | _aGAUCHOS | ||
| 942 | _cBK | ||
| 998 | _cisola | ||
| 999 |
_c681 _d681 |
||